00519nam a2200121 4500008004100000022001400041245009300055260007000148300002400218942002000242999001900262952011600281240305b |||||||| |||| 00| 0 eng d a0970-7417 aBulletin of Sri Aurobindo International Center Of Education cedited by Manoj Das Gupta aPondicherrybSri Aurobindo Ashram Publication DepartmentcFeb 24  aVol.76 , No.1c25cm 2ddccSRmBULs1 c201217d201217 00102ddc40718NFICaLbLcDISPLAYd2024-03-05eDBAD/PUBg100.00l0oBULr2024-03-05 00:00:00w2024-03-05ySR